Manual de carreteras
Guardat en:
| Autor corporatiu: | , |
|---|---|
| Format: | Llibre |
| Idioma: | espanyol |
| Publicat: |
Santiago
Ministerio de Obras Públicas
1981
|
| Matèries: | |
| Etiquetes: |
Afegir etiqueta
Sense etiquetes, Sigues el primer a etiquetar aquest registre!
|
MARC
| LEADER | 00000nam a2200000 a 4500 | ||
|---|---|---|---|
| 001 | UCO1949 | ||
| 003 | CL-VaPUC | ||
| 008 | 000525e19810000CL |||||||||||||||||spa|d | ||
| 082 | 0 | 4 | |a 625.7 |b MIN |2 21 |
| 110 | 2 | |a Ministerio de Obras Públicas |e author |9 444502 | |
| 710 | 2 | |a MOP |e author |9 444503 | |
| 245 | 1 | 0 | |a Manual de carreteras |
| 300 | |a v | ||
| 942 | |c BK | ||
| 945 | |d 20000525 00:00:00 |a vberengu | ||
| 260 | |a Santiago |b Ministerio de Obras Públicas |c 1981 | ||
| 500 | |a v.3: Instrucciones de diseño | ||
| 650 | 0 | |a Carreteras |9 260132 | |
| 650 | 0 | |a Construcción de carreteras |9 260999 | |
| 650 | 0 | |a Ingeniería vial |9 345193 | |
| 650 | 0 | |a Obras públicas |9 261125 | |
| 583 | |a last modification |c 20000525 00:00:00 |k Rodrigo Vera | ||
| 999 | |c 288499 |d 288497 | ||
| 952 | |0 0 |1 0 |4 0 |6 625_700000000000000_MIN_1981 |7 0 |8 F |9 336194 |a BIBING |b BIBING |d 2019-11-20 |h v.3 |i 3621251 |o 625.7 MIN 1981 |p 3621251 |r 2025-01-20 |w 2019-11-20 |y BK_F |k CCL | ||
| 952 | |0 0 |1 0 |4 0 |6 625_700000000000000_MIN_1981 |7 0 |8 F |9 336195 |a BIBING |b BIBING |d 2019-11-20 |h v.3 |i 362126K |o 625.7 MIN 1981 |p 362126K |r 2025-01-20 |w 2019-11-20 |y BK_F |k CCL | ||
| 952 | |0 0 |1 0 |4 0 |6 625_700000000000000_MIN_1981 |7 0 |8 F |9 336196 |a BIBING |b BIBING |d 2019-11-20 |h v.3 |i 3743950 |o 625.7 MIN 1981 |p 3743950 |r 2025-01-20 |w 2019-11-20 |y BK_F |k CCL | ||
| 952 | |0 0 |1 0 |4 0 |6 625_700000000000000_MIN_1981 |7 0 |8 F |9 336197 |a BIBING |b BIBING |d 2019-11-20 |h v.3 |i 3743969 |o 625.7 MIN 1981 |p 3743969 |r 2025-01-20 |w 2019-11-20 |y BK_F |k CCL | ||